Minőségbiztosítás az alapellátásban Az MSZ EN ISO 9001 2001 jelű szabvány alkalmazhatósága a családorvosi gyakorlatban saját tevékenységem alapján /

Elmentve itt :
Bibliográfiai részletek
Szerző: Kurpé László
További közreműködők: Kosztura László (Témavezető)
Dokumentumtípus: Szakdolgozat
Megjelent: 2005
Tárgyszavak:
Online Access:http://diploma.bibl.u-szeged.hu/32639
LEADER 00655nta a2200157 i 4500
001 dipl32639
005 20130314092818.0
008 110715s2005 hu om 0|| zxx d
040 |a SZTE Diploma Repozitórium  |b hun 
041 |a zxx 
100 1 |a Kurpé László 
245 1 0 |a Minőségbiztosítás az alapellátásban Az MSZ EN ISO 9001  |h [elektronikus dokumentum] :  |b 2001 jelű szabvány alkalmazhatósága a családorvosi gyakorlatban saját tevékenységem alapján /  |c dr. László Kurpé 
260 |c 2005 
650 4 |a Informatika 
700 1 |a Kosztura László  |e ths 
856 4 0 |u http://diploma.bibl.u-szeged.hu/id/eprint/32639/1/szakdolgozat.pdf  |z Dokumentum-elérés